Biblioteca ESET

Historia 5 : (Registro nro. 761)

Detalles MARC
000 -CABECERA
fixed length control field 02126nam a22004457a 4500
003 - CONTROL NUMBER IDENTIFIER
control field AR-BeUNQ
005 - FECHA Y HORA DE LA ULTIMA TRANSACCION
control field 20230302194225.0
008 - ELEMENTOS DE LONGITUD FIJA-INFORMACION GENERAL
fixed length control field 221219s2019 ag obd|| |||| 00| 0dspa d
020 ## - NUMERO INTERNACIONAL NORMALIZADO PARA LIBROS
Número Internacional Normalizado del libro 9789874967015
040 ## - FUENTE DE CATALOGACION
Agencia de catalogación original AR-BeUNQ
Convenciones de la descripción aacr
041 ## - CODIGO DE IDIOMA
Código de idioma para texto/pista de sonido ESPAÑOL
044 ## - COUNTRY OF PUBLISHING/PRODUCING ENTITY CODE
MARC country code ag
082 ## - NUMERO DE CLASIFICACION DECIMAL DEWEYMBER
Número de clasificación 980
Número de la edición 21
100 1# - ASIENTO PRINCIPAL-NOMBRE PERSONAL
9 (RLIN) 3693
Nombre personal Campos, Esteban
Fecha asociada al nombre 1977-
Fuller form of name (Esteban Javier)
245 10 - MENCION DE TITULO
Título Historia 5 :
Otra información sobre el título La Argentina y el mundo desde mediados del Siglo XX hasta la actualidad /
Mención de responsabilidad, etc Esteban Campos, Boris Matías Grinchpun
246 #3 - FORMA VARIANTE DEL TITULO
Título propiamente dicho/forma breve del título Historia cinco :
Parte restante del título La Argentina y el mundo desde mediados del Siglo XX hasta la actualidad
250 ## - MENCION DE EDICION
Mención de edición 1a ed.
260 ## - PUBLICACION, DISTRIBUCION, ETC.
Lugar de publicación, distribución, etc. Buenos Aires :
Nombre del editor, distribuidor, etc. Mandioca,
Fecha de publicación, distribución, etc 2019.
300 ## - DESCRIPCION FISICA
Extensión [239] p. :
Otros detalles físicos il., mapas, gráficos ;
Dimensiones 28 cm.
490 ## - MENCION DE SERIE
Mención de serie Llaves (Mandioca)
500 ## - NOTA GENERAL
Nota general Incluye índice.
504 ## - NOTA DE BIBLIOGRAFIA, ETC.
Nota de bibliografía, etc. Bibliografía: p. 239.
648 #4 - ASIENTO SECUNDARIO DE MATERIA - TERMINO CRONOLOGICO
Término cronológico Siglo XX
650 #7 - ASIENTO SECUNDARIO DE MATERIA - TERMINO TEMATICO
Término temático o nombre geográfico como elemento de entrada Historia
Fuente del encabezamiento o términ spines
650 #7 - ASIENTO SECUNDARIO DE MATERIA - TERMINO TEMATICO
Término temático o nombre geográfico como elemento de entrada Historia argentina
Fuente del encabezamiento o términ tha
653 ## - TERMINO DE INDIZACION - NO CONTROLADO
Término de indización no controlado Historia política
700 1# - ASIENTO SECUNDARIO - NOMBRE DE PERSONA
9 (RLIN) 3694
Personal name Grinchpun, Boris Matías
830 ## - ASIENTO SECUNDARIO DE SERIE--TITULO UNIFORME
9 (RLIN) 3692
Título uniforme Llaves (Mandioca)
929 ## - DATOS DE ADQUISICION
Procedencia COMPRA
Proveedor Estación Mandioca S.A
Orden de compra Exp. 827-2299/22
Precio 2800
Fecha de recibido 23.11.2022
Patrimonio UNQ PAT0079020
Es copia 1
Número de inventario 60391
929 ## - DATOS DE ADQUISICION
Procedencia COMPRA
Proveedor Estación Mandioca S.A
Orden de compra Exp. 827-2299/22
Precio 2800
Fecha de recibido 23.11.2022
Patrimonio UNQ PAT0079021
Es copia 2
Número de inventario 60392
929 ## - DATOS DE ADQUISICION
Procedencia COMPRA
Proveedor Estación Mandioca S.A
Orden de compra Exp. 827-2299/22
Precio 2800
Fecha de recibido 23.11.2022
Patrimonio UNQ PAT0079022
Es copia 3
Número de inventario 60393
929 ## - DATOS DE ADQUISICION
Procedencia COMPRA
Proveedor Estación Mandioca S.A
Orden de compra Exp. 827-2299/22
Precio 2800
Fecha de recibido 23.11.2022
Patrimonio UNQ PAT0079023
Es copia 4
Número de inventario 60394
929 ## - DATOS DE ADQUISICION
Procedencia COMPRA
Proveedor Estación Mandioca S.A
Orden de compra Exp. 827-2299/22
Precio 2800
Fecha de recibido 23.11.2022
Patrimonio UNQ PAT0079024
Es copia 5
Número de inventario 60395
929 ## - DATOS DE ADQUISICION
Procedencia COMPRA
Proveedor Estación Mandioca S.A
Orden de compra Exp. 827-2299/22
Precio 2800
Fecha de recibido 23.11.2022
Patrimonio UNQ PAT0079025
Es copia 6
Número de inventario 60397
929 ## - DATOS DE ADQUISICION
Procedencia COMPRA
Proveedor Estación Mandioca S.A
Orden de compra Exp. 827-2299/22
Precio 2800
Fecha de recibido 23.11.2022
Patrimonio UNQ PAT0079026
Es copia 7
Número de inventario 60398
929 ## - DATOS DE ADQUISICION
Procedencia COMPRA
Proveedor Estación Mandioca S.A
Orden de compra Exp. 827-2299/22
Precio 2800
Fecha de recibido 23.11.2022
Patrimonio UNQ PAT0079027
Es copia 8
Número de inventario 60399
929 ## - DATOS DE ADQUISICION
Procedencia COMPRA
Proveedor Estación Mandioca S.A
Orden de compra Exp. 827-2299/22
Precio 2800
Fecha de recibido 23.11.2022
Patrimonio UNQ PAT0079028
Es copia 9
Número de inventario 60400
929 ## - DATOS DE ADQUISICION
Procedencia COMPRA
Proveedor Estación Mandioca S.A
Orden de compra Exp. 827-2299/22
Precio 2800
Fecha de recibido 23.11.2022
Patrimonio UNQ PAT0079029
Es copia 10
Número de inventario 60401
942 ## - ELEMENTOS DE PUNTO DE ACCESO ADICIONAL (KOHA)
Tipo de ítem Koha Libros
Suppress in OPAC 1
Existencias
Estado de retiro Estado de pérdida Ubicación permanente Ubicación actual Ubicación en estantería Fecha de ingreso Signatura topográfica completa Inventario Date last seen Número de copia Tipo de ítem Koha Total Checkouts Total Renewals Date last checked out
    Biblioteca ESET - UNQ Biblioteca ESET - UNQ CIRCULACION 19/12/2022 980 CAM 60391 02/03/2023 1 Libros      
    Biblioteca ESET - UNQ Biblioteca ESET - UNQ CIRCULACION 19/12/2022 980 CAM 60392 02/03/2023 2 Libros      
    Biblioteca ESET - UNQ Biblioteca ESET - UNQ CIRCULACION 19/12/2022 980 CAM 60393 02/03/2023 3 Libros      
    Biblioteca ESET - UNQ Biblioteca ESET - UNQ CIRCULACION 19/12/2022 980 CAM 60394 02/03/2023 4 Libros      
    Biblioteca ESET - UNQ Biblioteca ESET - UNQ CIRCULACION 19/12/2022 980 CAM 60395 02/03/2023 5 Libros      
    Biblioteca ESET - UNQ Biblioteca ESET - UNQ CIRCULACION 19/12/2022 980 CAM 60397 02/03/2023 6 Libros      
    Biblioteca ESET - UNQ Biblioteca ESET - UNQ CIRCULACION 19/12/2022 980 CAM 60398 02/03/2023 7 Libros      
    Biblioteca ESET - UNQ Biblioteca ESET - UNQ CIRCULACION 19/12/2022 980 CAM 60399 02/03/2023 8 Libros      
    Biblioteca ESET - UNQ Biblioteca ESET - UNQ CIRCULACION 19/12/2022 980 CAM 60400 02/03/2023 9 Libros      
    Biblioteca ESET - UNQ Biblioteca ESET - UNQ CIRCULACION 19/12/2022 980 CAM 60401 13/10/2025 10 Libros 1 1 13/10/2025

ESET UNQ

☏ 4365-7188
 Avenida República de Francia 1714 entre Doctor Kenny y Concordia, Ezpeleta, Bs As.
✉ secretaria_eset@unq.edu.ar

Con tecnología Koha